000 00724nam a22002177a 4500
008 140329b xxu||||| |||| 00| 0 eng d
100 1 _aLowe, Robson
245 1 0 _aThe encyclopaedia of British Empire postage stamps, Volume I - Great Britain and The Empire in Europe 1661-1947
250 _aFirst Edition - January 1948
260 _aLondon
_bRobson Lowe Ltd.
490 _vVolume I
650 0 _aGreat Britain
650 0 _aBritish Colonies
650 0 _aDictionaries and Encyclopedias Postal History
650 0 _aCatalogs and Price Lists Production
650 0 _aPostal Markings
650 0 _aForgeries and Counterfeits
650 0 _aPostal Rates Bibliographies
650 0 _aOffices Abroad
650 0 _aEurope
999 _c1351
_d1351